Cinematógrafo de letras /
Uloženo v:
| Hlavní autor: | |
|---|---|
| Médium: | Neznámo |
| Jazyk: | Portuguese |
| Vydáno: |
Brasil :
Companhia das Letras,
1987.
|
| Témata: | |
| Tagy: |
Přidat tag
Žádné tagy, Buďte první, kdo vytvoří štítek k tomuto záznamu!
|
MARC
| LEADER | 000000000a22000000004500 | ||
|---|---|---|---|
| 001 | 013799 | ||
| 020 | |a 8585095474 | ||
| 041 | 0 | |a por | |
| 082 | 0 | 4 | |a Br869.09 |b S964c |
| 100 | 1 | |a Sussekind, Flora, |d 1955- | |
| 245 | 1 | 0 | |a Cinematógrafo de letras / |c Flora Sussekind. |
| 260 | 1 | |a Brasil : |b Companhia das Letras, |c 1987. | |
| 300 | |a 170 páginas ; |c 21 cm. | ||
| 650 | 4 | |a LITERATURA BRASILEÑA | |
| 650 | 4 | |a SIGLO 20 | |
| 650 | 4 | |a HISTORIA | |
| 650 | 4 | |a CRITICA | |
| 650 | 4 | |a LITERATURA Y TECNOLOGIA | |
| 650 | 4 | |a BRASIL | |
| 500 | |a Colección George Yúdice | ||
| 999 | |c 19712 |d 19712 | ||
| 942 | |c BK |h Br869.09 S964c |2 z | ||



